दलित पत्रकारिता (Record no. 891447)

MARC details
000 -LEADER
fixed length control field 00936nam a2200241Ia 4500
003 - CONTROL NUMBER IDENTIFIER
control field OSt
005 - DATE AND TIME OF LATEST TRANSACTION
control field 20220930190018.0
008 - FIXED-LENGTH DATA ELEMENTS--GENERAL INFORMATION
fixed length control field 220926b |||||||| |||| 00| 0 hin d
020 ## - INTERNATIONAL STANDARD BOOK NUMBER
International Standard Book Number 9788189997045 (hbk (Set))
037 ## - SOURCE OF ACQUISITION
Terms of availability Textbook
040 ## - CATALOGING SOURCE
Original cataloging agency CRL
Transcribing agency CRL
Language of cataloging hin
041 ## - LANGUAGE CODE
Source of code hin
Language code of text/sound track or separate title hin
100 ## - MAIN ENTRY--PERSONAL NAME
Personal name नैमिशराय, मोहनदास
245 #0 - TITLE STATEMENT
Title दलित पत्रकारिता
Remainder of title सामाजिक व राजनीतिक चिंतन
260 ## - PUBLICATION, DISTRIBUTION, ETC.
Place of publication, distribution, etc. दिल्ली,
Name of publisher, distributor, etc. श्री नटराज प्रकाशन, भारत
Date of publication, distribution, etc. 2005
490 ## - SERIES STATEMENT
Volume/sequential designation भाग 1
942 ## - ADDED ENTRY ELEMENTS (KOHA)
Classification part 4:(Y5927), 152P5.1
Koha item type Textbook
Source of classification or shelving scheme Colon Classification (CC)
Holdings
Withdrawn status Lost status Damaged status Not for loan Home library Current library Date acquired Source of acquisition Cost, normal purchase price Serial Enumeration / chronology Total Checkouts Full call number Barcode Date last seen Cost, replacement price Price effective from Koha item type
        Central Library Central Library 2022-09-30 406, 22/03/2010, Swaraj Prakashan 1290.00 भाग 1   4:(Y5927) 152P5.1 CL1484823 2022-09-30 1290.00 2022-09-30 Textbook
Copyright @ Delhi University Library System